Der Deutsche Orden in Nürnberg
| Titel: | Der Deutsche Orden in Nürnberg |
|---|---|
| Verfasser: | |
| In: |
Die Rolle der Ritterorden in der mittelalterlichen Kultur, (1985), Seite 89-104 alle Artikel anzeigen |
| Veröffentlicht: | 1985 |
| Format: | Aufsatz |
| Sprache: | Deutsch |
X
alg: 39188868 001A $01999:11-11-16 001B $01999:28-04-17 $t14:35:12.000 001D $01999:11-11-16 001U $0utf8 001X $00 002@ $0Aox 003@ $0391888684 007A $0391888684 $aHEB 007T $0Herd19558 010@ $ager 011@ $a1985 021A $aDer @Deutsche Orden in Nürnberg 028A $#Boockmann, Hartmut $#Bokman, Chartmut $#Bockmann, Hartmut $7120314584 $8Boockmann, Hartmut$Z1934-1998 [Tp1] $9090798856 031A $h89-104 $j1985 039B $aIn $8--Aauc--. Die @Rolle der Ritterorden in der mittelalterlichen Kultur. - Toruń : Uniw. Mikołaja Kopernika, 1985. - 212 S.. - Ill.. - ISBN 83-231-0037-3 $x198500000000000911 $9005404916 lok: 39188868 78 exp: 39188868 78 1 #EPN 201B/01 $021-03-18 $t23:19:12.000 201U/01 $0utf8 203@/01 $078798423X 208@/01 $a11-11-16 $be 209A/01 $a/ $f000 $x00 220C/01 $aTitelaufnehmer: kl 244Z/01 $#Nürnberg $#Nürenberg $#Njurnberg $#Stadt der Reichsparteitage $#Stadt der Reichsparteitage Nürnberg $#Stadtgemeinde Nürnberg $#Norymberga $#Nbg. $#Freie Reichsstadt Nürnberg $#Nuremberg $#Nurmberg $#Norimberga $#Noriberga $#Stadt Nürnberg $#Norimberk $#Norinberga $#Norimbergae $#Noremberga $#Noribergae $#Nürmberg $74042742-0 $8--Tg1--Nürnberg $x01 $9085118605 244Z/01 $aGeschichte 1209-1806 $x02 244Z/01 $2Trx $#ordud Saksa Ordu $#ordinas kryžiuočių $#order Teutonic Knights $#rendek Német Lovagrend $#zakony, krzyżacy $#rád, nemeckí rytieri $#řád, němečtí rytíři $#Deutscher Orden $#Ritterorden $#zakon krzyżacki $#zakon niemiecki $#nemeckí rytieri $8--Trx--Orden$gDeutscher Orden $x03 $9391363204 244Z/01 $2Trx $8--Trx--Einzelbeiträge $x04 $9391384570 245Z/01 $a07.03 $x01 247C/01 $82080>Marburg/Lahn, Herder-Institut, Forschungsbibliothek, Bibliographieportal $9336309341
| LEADER | 00000caa a22000002c 4500 | ||
|---|---|---|---|
| 001 | 391888684 | ||
| 003 | DE-603 | ||
| 005 | 20170428143512.0 | ||
| 007 | tu | ||
| 008 | 161111s1985 xx |||| | u00||u|ger c | ||
| 035 | |a (DE-599)HEB391888684 | ||
| 040 | |a DE-603 |b ger |c DE-603 |d DE-603 | ||
| 041 | |a ger | ||
| 100 | 1 | |a Boockmann, Hartmut |d 1934-1998 |0 (DE-603)090798856 |0 (DE-588)120314584 |2 gnd | |
| 245 | 0 | 0 | |a Der Deutsche Orden in Nürnberg |
| 264 | 0 | |c 1985 | |
| 773 | 0 | 8 | |i In |t Die Rolle der Ritterorden in der mittelalterlichen Kultur |d Toruń : Uniw. Mikołaja Kopernika, 1985 |h 212 S., Ill. |z 8323100373 |g (1985), Seite 89-104 |w (DE-603)005404916 |
| 924 | 0 | |9 2080 |a (DE-603)78798423X |b DE-2080 |c HES |d d |g / | |


